00521nam a2200193 a 4500001001300000003000900013005001700022008004100039020002400080082001600104100002300120245002900143260002600172300000900198500003500207505003900242650002300281700002300304nice12345678IN_TiNIC20260116013854.0050524s1986 leia grp 000 0 eng  a9004937 c260100a181.07bGEN aGenequand, Charles aIbn Rushd`s Metaphysics. aLeiden bBrill c1986 a216p aincludes index and biblioraphy2 aStudies in Islamic law and Society aPhilosophy-Islamic1 aGenequand, Charles